Départements français avec la lettre G. - Statistiques

Statistiques générales
  • Ce quiz a été pris 45 fois
  • Le résultat moyen est 8 sur 11
Statistiques - réponses
Réponse % Correct
Gard
94%
Gironde
94%
Gers
89%
Haute Garonne
78%
Guadeloupe
72%
Guyane
72%
Ariège
64%
Tarn et Garonne
61%
Lot et Garonne
56%
Dordogne
50%
Vosges
47%
Aucun quiz correspondant
Distribution des résultats
% des personnes avec chaque résultat
Percentile par nombre de réponses
Votre historique - résultats
Vous n’avez pas pris ce quiz